| 000 | 01242nam0a2200373 4500 | ||
|---|---|---|---|
| 001 | RU\NLR\BIBL_A\012178134 | ||
| 005 | 20200128135700.0 | ||
| 010 |
_a978-5-93726-085-7 _9100. |
||
| 021 |
_aRU _bКН-П-19-094071 _9КН-П-19-6894 |
||
| 035 | _a(NLR Aleph) 012178134 | ||
| 035 | _a(RuMoRGB)010192409 | ||
| 090 |
_a12270674 _c12270674 |
||
| 100 | _a20200113d2019 u y0rusy50 ca | ||
| 101 | 0 | _arus | |
| 102 | _aRU | ||
| 105 | _aa zzwz0|||yz | ||
| 181 | 0 |
_ai _baxxe |
|
| 182 | 0 | _an | |
| 200 | 1 |
_aЭгрегоры _fГ. С. Горчаков, С. Г. Коновец |
|
| 203 |
_aТекст _bвизуальный _cнепосредственный |
||
| 210 |
_aТомск _cТвердыня _d2019 |
||
| 215 |
_a242 с. _cил. _d21 |
||
| 606 | 1 |
_aЭзотерические учения _2nlr_sh1 _2nlr_sh2 _3RU\NLR\AUTH\66986948 |
|
| 606 | 1 |
_aПсихоэнергетика _2nlr_sh1 _2nlr_sh2 _3RU\NLR\AUTH\661269768 |
|
| 610 | 0 | _aэгрегоры | |
| 686 | 1 | _aЭ391,0 | |
| 686 | 1 | _aЮ96 | |
| 700 | 1 |
_aГорчаков _bГ.С. _gГеннадий Сергеевич |
|
| 701 | 1 |
_aКоновец _bС. Г. |
|
| 942 | _cBOOK | ||
| 980 | _aNBR | ||
| 980 | _aNB | ||